O livro dos tutus (Record no. 189852)

MARC details
000 -LÍDER
campo de controle de tamanho fixo 00355 a2200169 4500
001 - NÚMERO DE CONTROLE
campo de controle 189852
020 ## - ISBN - INTERNATIONAL STANDARD BOOK NUMBER
ISBN - International Standard Book Number 978-85-65206-48-8
040 ## - FONTE DA CATALOGAÇÃO
Instituição que transcreveu o registro Magnum
100 ## - ENTRADA PRINCIPAL--NOME PESSOAL
Nome pessoal Franco, Blandina
240 10 - TÍTULO UNIFORME
Título uniforme O livro dos tutus
Idioma da obra por
245 10 - TÍTULO
Título O livro dos tutus
300 ## - DESCRIÇÃO FÍSICA
Extensão 30
362 0# - DATAS DE PUBLICAÇÃO E/OU DESIGNAÇÃO SEQUENCIAL
Datas de publicação e/ou designação sequencial 2012
440 #1 - DECLARAÇÃO DE SÉRIE/ENTRADA ADICIONADA--TÍTULO
Título Hedra
697 ## - ENTRADA DE ASSUNTO LOCAL--ENTIDADE COLETIVA (RLIN)
Nome corporativo ou nome da jurisdição LITERATURA INFANTO
942 ## - ELEMENTOS DE ENTRADA ADICIONADOS (KOHA)
Tipo de material Koha Livros
Holdings
Situação do descarte Situação das perdas Situação física Não pode ser emprestado Biblioteca de origem Biblioteca atual Data de aquisição Total de empréstimos Número de chamada completo Código de barras Data de último acesso Data do preço efetivo Tipo de material Koha
        Magnum Magnum 08/06/2024   869.1.975 MAG00065495 08/06/2024 08/06/2024 Livros
        Magnum Magnum 08/06/2024   869.1.975 MAG00065496 08/06/2024 08/06/2024 Livros
        Magnum Magnum 08/06/2024   869.1.975 MAG00065497 08/06/2024 08/06/2024 Livros